000 01191nab a22002297a 4500
999 _c6218
_d6218
003 OSt
005 20260126003657.0
008 190514b xxu||||| |||| 00| 0 spa d
040 _cPJ
100 _96941
_aOsella, Georgina Soledad
245 1 3 _aEl interés superior del niño, niña y adolescente en el caso concreto /
_cGeorgina Soledad Osella.
300 _ap. 58-64
500 _aCita: TR LALEY AR/DOC/2116/2024.
505 _aSumario: I. El caso.— II. Declaración de adoptabilidad.— III. El interés superior del niño, niña y adolescente.— IV. Familia como medio natural.— V. Derecho a ser oídos y a que su opinión sea tenida en cuenta.— VI. Conclusión.
505 _tFallo comentado: JFamilia, Niñez y Adolescencia Nro. 5, Corrientes ~ 22/03/2024 ~ A., A. J. s/ control de legalidad - medidas excepcionales.
650 0 _9967
_aDERECHO DE FAMILIA
650 0 _94097
_aINTERES SUPERIOR DEL NIÑO
650 0 _95662
_aADOLESCENTES
650 0 _91057
_aJURISPRUDENCIA APLICABLE
773 0 _02844
_93222
_dBuenos Aires : AbeledoPerrot, 1989-
_tDerecho de familia. Revista Interdisciplinaria de doctrina y jurisprudencia. Octubre 2024-V.
_z18511201
942 _2udc
_cANA